Cool-season forage grasses /

Guardado en:
Autor Principal: Moser, L. E.
Otros Autores: Buxton, D. R., Casler, Michael Darwin.
Formato: Libro
Idioma:English
Publicado: Madison, Wis. : American Society of Agronomy : Crop Science Society of America : Soil Science Society of America, 1996.
Series:Agronomy Monographs ; nº 34
Materias:
Acceso en línea:Tabla de contenidos
Etiquetas: Agregar Etiqueta
Sin Etiquetas, Sea el primero en etiquetar este registro!
LEADER 00898nam a22002175a 4500
001 EEA.libagro006421
008 130809s1996####xxua##########000#0#eng#d
005 20210921193717.0
245 1 0 |a Cool-season forage grasses /  |c co-editors, L.E. Moser, D.R. Buxton, M.D. Casler. 
260 |a Madison, Wis. :  |b American Society of Agronomy :  |b Crop Science Society of America :  |b Soil Science Society of America,  |c 1996. 
300 |a xix, 841 p. :  |b il. ;  |c 24 cm. 
490 1 |a Agronomy Monographs ;  |v nº 34 
100 1 |a Moser, L. E.  |q (Lowell E.) 
700 1 |a Buxton, D. R.  |q (Dwayne R.) 
700 1 |a Casler, Michael Darwin. 
082 0 4 |a 633.2 
082 0 4 |a 333.74 
650 7 |a Gramíneas  |2 agrovoc 
650 7 |a Plantas forrajeras  |2 agrovoc 
856 4 2 |3 Tabla de contenidos  |u https://acsess.onlinelibrary.wiley.com/doi/pdf/10.2134/agronmonogr34.frontmatter 
859 |a AR-BbBCA  |b BIB. AGRONOMIA  |h 633.2  |i M899  |p 1999/3782